000 00699 a2200205 4500
999 _c183235
_d183235
005 20211221141040.0
010 _aENG-130447
020 _a978-93-5460-207-8
_c850.00
035 _aEN-113979
037 _bDBAD/PUB
082 _a658.404
_b1
100 _aLarson, Erik W
245 _aProject Management:
_cErik W Larson, Clifford F Gray, Rohit Joshi
_bThe Managerial Process
260 _aTamill Nadu
_bMcGraw Hill Education Private Limited
_c2021
270 _a444/1, Sri Ekambara Naicker Industrial Estate, Alapakkam, Porur
_bChennai
_e600116
300 _a730p.
_c25cm (pbk)
700 _aGray, Clifford F
700 _aJoshi, Rohit
942 _adpl
_cEN
_2ddc
_h658.404
_mLAR